<?xml version="1.0" encoding="UTF-8"?>
<record
    xmlns:xsi="http://www.w3.org/2001/XMLSchema-instance"
    xsi:schemaLocation="http://www.loc.gov/MARC21/slim http://www.loc.gov/standards/marcxml/schema/MARC21slim.xsd"
    xmlns="http://www.loc.gov/MARC21/slim">

  <leader>01391nam a2200241 b 4500</leader>
  <controlfield tag="003">3228</controlfield>
  <controlfield tag="005">20250710162257.0</controlfield>
  <controlfield tag="008">210805s9999    xx            000 0 und d</controlfield>
  <datafield tag="020" ind1=" " ind2=" ">
    <subfield code="a">9780746069950</subfield>
  </datafield>
  <datafield tag="040" ind1=" " ind2=" ">
    <subfield code="a">RDA</subfield>
    <subfield code="c">3228</subfield>
  </datafield>
  <datafield tag="041" ind1=" " ind2=" ">
    <subfield code="2">E</subfield>
    <subfield code="a">English</subfield>
  </datafield>
  <datafield tag="082" ind1=" " ind2=" ">
    <subfield code="a">T 612.661 MERE</subfield>
  </datafield>
  <datafield tag="100" ind1=" " ind2=" ">
    <subfield code="a">Meredith, Susan </subfield>
    <subfield code="9">419</subfield>
  </datafield>
  <datafield tag="245" ind1=" " ind2="0">
    <subfield code="a">What's happening to me? /</subfield>
    <subfield code="c">Susan Meredith</subfield>
  </datafield>
  <datafield tag="260" ind1=" " ind2=" ">
    <subfield code="a">London : </subfield>
    <subfield code="b">Usborne Publishing Ltd., </subfield>
    <subfield code="c">2006.</subfield>
  </datafield>
  <datafield tag="300" ind1=" " ind2=" ">
    <subfield code="a">48 pages : </subfield>
    <subfield code="b">colour illustrations ; </subfield>
    <subfield code="c">23 cm</subfield>
  </datafield>
  <datafield tag="490" ind1=" " ind2=" ">
    <subfield code="a">Usborne facts of life</subfield>
  </datafield>
  <datafield tag="500" ind1=" " ind2=" ">
    <subfield code="a">A sensitive, factual guide for pre-teen girls explaining physical and emotional changes during puberty, including topics like periods, mood swings, hygiene, and bras.</subfield>
  </datafield>
  <datafield tag="505" ind1=" " ind2=" ">
    <subfield code="a">Growing up -- When will it happen? -- Taller and wider -- Getting hairy -- Getting breasts -- The bra business -- How does it start? -- What's it all about? -- The changes inside you -- and on the outside -- Why periods happen -- Using towels -- Using tampons -- Coping with periods -- Your feelings -- Good food -- More about eating -- Keep moving -- Keep clean -- From the neck up -- How boys' bodies work -- Boys have worries too -- Problems to avoid.</subfield>
  </datafield>
  <datafield tag="650" ind1=" " ind2=" ">
    <subfield code="v">Girls&#x2014;Health and hygiene  </subfield>
    <subfield code="x">Sex instruction</subfield>
    <subfield code="x">Puberty  </subfield>
    <subfield code="x">Menstruation</subfield>
    <subfield code="x">Adolescence</subfield>
    <subfield code="x">Physiology</subfield>
    <subfield code="x">Human reproduction</subfield>
    <subfield code="9">195222</subfield>
  </datafield>
  <datafield tag="700" ind1=" " ind2=" ">
    <subfield code="a">Leschnikoff, Nancy </subfield>
    <subfield code="e">Illustrator</subfield>
  </datafield>
  <datafield tag="942" ind1=" " ind2=" ">
    <subfield code="c">BOOK</subfield>
    <subfield code="2">ddc</subfield>
    <subfield code="y">395</subfield>
    <subfield code="z">Kholofelo Moabelo</subfield>
  </datafield>
  <datafield tag="999" ind1=" " ind2=" ">
    <subfield code="c">54785</subfield>
    <subfield code="d">54784</subfield>
  </datafield>
  <datafield tag="952" ind1=" " ind2=" ">
    <subfield code="0">0</subfield>
    <subfield code="1">0</subfield>
    <subfield code="2">ddc</subfield>
    <subfield code="4">0</subfield>
    <subfield code="7">0</subfield>
    <subfield code="8">600</subfield>
    <subfield code="a">STANL</subfield>
    <subfield code="b">STANL</subfield>
    <subfield code="c">GEN</subfield>
    <subfield code="d">2025-07-10</subfield>
    <subfield code="g">129.00</subfield>
    <subfield code="l">0</subfield>
    <subfield code="o">T 612.661 MERE</subfield>
    <subfield code="p">3300410024716</subfield>
    <subfield code="r">2025-09-22</subfield>
    <subfield code="v">129.00</subfield>
    <subfield code="w">2025-07-10</subfield>
    <subfield code="y">BK </subfield>
  </datafield>
</record>
